Inovácie podnikateľských modelov vo vybraných podnikoch bakalárska práca

Gespeichert in:
Bibliographische Detailangaben
1. Verfasser: Hajduková, Lea
Körperschaft: Fakulta podnikového manažmentu EU. Katedra manažmentu
Weitere Verfasser: Bednár, Richard, 1985-
Format: Buch
Sprache:Slowakisch
Veröffentlicht: Bratislava 2011
Tags: Tag hinzufügen
Keine Tags, Fügen Sie das erste Tag hinzu!

MARC

LEADER 00000nbm a2200000 4500
001 0131756
005 20161109111424.5
041 0 |a slo 
044 |a SK 
245 1 0 |a Inovácie podnikateľských modelov vo vybraných podnikoch  |b bakalárska práca  |c Lea Hajduková ; školiteľ: Richard Bednár 
264 1 |a Bratislava  |c 2011 
300 |a 51 s. 
100 1 |a Hajduková, Lea 
700 1 |a Bednár, Richard, 1985- 
710 2 |a Fakulta podnikového manažmentu EU. Katedra manažmentu